| Tag |
First Indicator |
Second Indicator |
Subfields |
| LEADER |
00000cam a2200000 i 4500 |
| 001 |
in00003832321 |
| 005 |
20170926153022.0 |
| 008 |
161021t20172017nyu b 001 0 eng |
| 010 |
|
|
|a 2016026096
|
| 020 |
|
|
|a 9781785333606
|q hardcover
|q alkaline paper
|
| 020 |
|
|
|a 1785333607
|q hardcover
|q alkaline paper
|
| 020 |
|
|
|a 9781785334351
|q paperback
|q alkaline paper
|
| 020 |
|
|
|a 1785334352
|q paperback
|q alkaline paper
|
| 035 |
|
|
|a (OCoLC)ocn962171751
|
| 040 |
|
|
|a DLC
|e rda
|c DLC
|d UtOrBLW
|
| 043 |
|
|
|a n-us---
|
| 049 |
|
|
|a TXAM
|
| 050 |
0 |
0 |
|a GN346
|b .A57 2017
|
| 082 |
0 |
0 |
|a 301.0973
|2 23
|
| 245 |
0 |
0 |
|a America observed :
|b on an international anthropology of the United States /
|c edited by Virginia R. Dominguez and Jasmin Habib.
|
| 264 |
|
1 |
|a New York :
|b Berghahn Books,
|c [2017]
|
| 264 |
|
4 |
|c ©2017
|
| 300 |
|
|
|a 180 pages ;
|c 24 cm.
|
| 336 |
|
|
|a text
|b txt
|2 rdacontent
|
| 337 |
|
|
|a unmediated
|b n
|2 rdamedia
|
| 338 |
|
|
|a volume
|b nc
|2 rdacarrier
|
| 504 |
|
|
|a Includes bibliographical references and index.
|
| 650 |
|
0 |
|a Ethnology
|x Fieldwork
|z United States.
|
| 650 |
|
0 |
|a Anthropology
|x Fieldwork
|z United States.
|
| 651 |
|
0 |
|a United States
|x Civilization.
|0 http://id.loc.gov/authorities/subjects/sh85139934
|
| 700 |
1 |
|
|a Domínguez, Virginia R.,
|e editor.
|0 http://id.loc.gov/authorities/names/n81080574
|
| 700 |
1 |
|
|a Habib, Jasmin,
|d 1964-
|e editor.
|0 http://id.loc.gov/authorities/names/n2004153318
|
| 945 |
|
|
|b 983900
|
| 947 |
|
|
|a A14850026288
|
| 948 |
|
|
|a cataloged
|b h
|c 2017/2/27
|d c
|e dmitchel
|f 9:00:00 am
|
| 994 |
|
|
|a 92
|b TXA
|
| 999 |
f |
f |
|s 942f035b-52f7-368a-8575-3b4dad3eb340
|i e8d60145-826b-326c-9e87-74700e555ff1
|t 0
|
| 952 |
f |
f |
|p normal
|a Texas A&M University
|b College Station
|c Sterling C. Evans Library
|d Evans: Library Stacks
|t 0
|e GN346 .A57 2017
|h Library of Congress classification
|i unmediated -- volume
|m A14850026288
|
| 998 |
f |
f |
|a GN346 .A57 2017
|t 0
|l Evans: Library Stacks
|